000
00313nam a2200133Ia 4500
008
260604s9999 xx 000 0 und d
020
_a
9781803925660
082
_a
004 LEE
100
_a
LEEUW
_9
35129
245
0
_a
ARTIFICIAL INTELLIGENCE AND BIG DATA
260
_b
EDWARD
500
_a
IT, AI, Data
942
_c
BK
999
_c
7888
_d
7888